Rise Against Charting Songs (Billboard Hot Rock) - Statistics

General Stats
  • This quiz has been taken 64 times
  • The average score is 4 of 10
Answer Stats
Album Weeks On Peak Artist(s) Song % Correct
Appeal to Reason 67 Weeks #3 Rise Against Savior
92%
Endgame 21 Weeks #7 Rise Against Satellite
71%
Nowhere Generation 12 Weeks #27 Rise Against Nowhere Generation
65%
Endgame 30 Weeks #2 Rise Against Help is On the Way
55%
Wolves 10 Weeks #35 Rise Against House on Fire
37%
Appeal to Reason 6 Weeks #16 Rise Against Audience of One
31%
Wolves 20 Weeks #26 Rise Against The Violence
31%
The Black Market 18 Weeks #21 Rise Against I Don't Want to Be Here Anymore
24%
Endgame 23 Weeks #8 Rise Against Make It Stop (September's Children)
22%
Endgame 15 Weeks #14 Rise Against Wait for Me
18%
No matching quizzes found
Score Distribution
Percent of People with Each Score
Percentile by Number Answered
Your Score History
You have not taken this quiz